Teaching reading as a language experience /

Bibliographic Details
Main Author: Hall, MaryAnne
Format: Book
Language:English
Published: Columbus : Merrill, [1981]
Edition:3rd ed.
Subjects:

MARC

Tag First Indicator Second Indicator Subfields
LEADER 00000cam a2200000 a 4500
001 in00000080100
005 20160108111231.0
008 810801s1981 ohua b 00110 eng
010 |a  80082458  
020 |a 0675080800 (pbk.) 
035 |a (OCoLC)07125334 
035 |9 AAJ3135AM 
039 0 |a 2  |b 3  |c 3  |d 3  |e 3 
040 |a DLC  |c DLC  |d TXA  |d UtOrBLW 
049 |a TXAM  |c [1361782] 
050 0 0 |a LB1525.34  |b .H34 1981 
082 0 |a 372.4/1  |2 19 
100 1 |a Hall, MaryAnne. 
245 1 0 |a Teaching reading as a language experience /  |c Mary Anne Hall. 
250 |a 3rd ed. 
264 1 |a Columbus :  |b Merrill,  |c [1981] 
264 4 |c ©1981 
300 |a ix, 147 pages :  |b illustrations ;  |c 25 cm. 
336 |a text  |b txt  |2 rdacontent 
337 |a unmediated  |b n  |2 rdamedia 
338 |a volume  |b nc  |2 rdacarrier 
504 |a Includes bibliographies and index. 
650 0 |a Reading (Primary)  |x Language experience approach. 
999 |a MARS 
999 f f |s 4b0aabca-e29d-31ee-af9b-4211e5a89b64  |i b9e10357-f0d9-32e9-82f7-c79f39122348  |t 0 
952 f f |p normal  |a Texas A&M University  |b College Station  |c Sterling C. Evans Library  |d Evans: Library Stacks  |t 0  |e LB1525.34 .H34 1981  |h Library of Congress classification  |i unmediated -- volume  |m A14806160562 
998 f f |a LB1525.34 .H34 1981  |t 0  |l Evans: Library Stacks